| 000 | 02046nam0a2200361 4500 | ||
|---|---|---|---|
| 001 | RU\NLR\BIBL_A\011928647 | ||
| 005 | 20190314173256.0 | ||
| 010 |
_a978-5-00140-124-7 _9500 |
||
| 021 |
_aRU _bКН-П-18-102866 _9КН-П-18-7451 |
||
| 035 | _a(NLR Aleph) 011928647 | ||
| 035 | _a(RuMoRGB)009855325 | ||
| 090 |
_a11026753 _c11026753 |
||
| 100 | _a20190206d2018 k y0rusy50 ca | ||
| 101 | 0 | _arus | |
| 102 | _aRU | ||
| 105 | _aa z 0 zy | ||
| 200 | 1 |
_aУправление производительностью труда: мировая практика, национальный опыт _e[монография _fГ. А. Хачатрян, А. В. Холоднова] _gпод общей редакцией доктора экономических наук, профессора И. В. Терениной _gМинистерство науки и высшего образования Российской Федерации, Саратовский государственный технический университет им. Гагарина Ю. А. |
|
| 210 |
_aСаратов _cСаратовский государственный технический университет им. Гагарина Ю. А. _d2018 |
||
| 215 |
_a125 с. _cил., табл. _d21 |
||
| 300 | _aАвт. указаны на обороте тит. л. и обл. | ||
| 320 | _aБиблиогр.: с. 121-125 | ||
| 606 | 1 |
_aПроизводительность труда _xУправление _91984543 _3RU\NLR\AUTH\66910699 |
|
| 686 | 1 | _aУ24(0)1-21 | |
| 686 | 1 | _aУ24(2)1-21 | |
| 700 | 1 |
_aХачатрян _bГ. А. _gГаянэ Альбертовна |
|
| 701 | 1 |
_aХолоднова _bА. В. _gАнастасия Владимировна |
|
| 712 | 0 | 2 |
_4570 _aСаратовский государственный технический университет _9370375 _3RU\NLR\AUTH\889937781 |
| 942 | _cBOOK | ||
| 980 | _aNBR | ||
| 980 | _aNB | ||